| 000 | 00475nam a22001457a 4500 | ||
|---|---|---|---|
| 003 | SGT | ||
| 082 |
_a617.69 _bT23P |
||
| 100 | _aPoonam | ||
| 245 |
_aTo compare the antibacterial efficacy of 810 nm diode laser and photodynamic therapy in reducing microbial flora in patients with peri-implant mucositis _bAn Invivo study |
||
| 260 |
_aGurugram, Haryana _bSGT University _c2023 |
||
| 300 | _a116 | ||
| 650 | _aProsthodontics | ||
| 653 | _aProsthodontics | ||
| 942 |
_2ddc _cTH |
||
| 999 |
_c25632 _d25632 |
||